Peñas arriba /

Guardado en:
Autor Principal: Pereda, José María de
Formato: Libro
Publicado: Buenos Aires : Kapelusz, 1960
Materias:
Etiquetas: Agregar Etiqueta
Sin Etiquetas, Sea el primero en etiquetar este registro!
LEADER 00486nam a22001815a 4500
001 CEM.cems004986
005 20060217000000.0
008 130507s1960##################000#0#####d
003 CEMS
082 0 4 |a 863.5 
100 1 |a Pereda, José María de 
245 1 0 |a Peñas arriba / 
260 |a Buenos Aires :  |b Kapelusz,  |c 1960 
300 |a 241 p. 
653 |a Literatura 
653 |a Novela española-siglo 19 
653 |a Novelas 
859 |a CEMS  |b BIB. CEMS - 11 de abril  |h 863.5  |i P414p  |p 10303.81  |t Ej.1